• 首页
  • 本馆介绍
  • 公告通知
  • 最新文献
  • 馆藏检索
  • 电子资源
  • 读者导购
  • 参考咨询
  • 我的图书馆
  • 登录
  • 详细信息显示
  • 放入我的书架
  • 预约/预借图书
  • 作者相关作品
  • 分类相关作品
  • 丛书相关作品
  • 出版社相关作品

书目信息

  • 表格格式
  • 工作单格式
  • 卡片格式
题名:
信息工作与档案管理
    
 
作者: 缪惠 主编
分册:  
出版信息: 合肥   合肥工业大学出版社  2005
页数: 240页
开本: 23cm
丛书名:
单 册:
中图分类: G203
科图分类:
主题词: 信息工作--教材 , 档案管理--教材 , 档案管理 , 信息工作
电子资源:
ISBN: 7-81093-248-9
000 00868nam0 2200265 450
001 002974610
005 20061113083148.31
010    @a7-81093-248-9@dCNY20.00
100    @a20050119d2005 em y0chiy0110 ea
101 0  @achi
102    @aCN@b340000
105    @ay z 000yy
200 1  @a信息工作与档案管理@9xin xi gong zuo yu dang an guan li@f缪惠主编
210    @a合肥@c合肥工业大学出版社@d2005
215    @a240页@d23cm
300    @a现代文秘精品系列教材
330    @a本书分信息工作和档案管理两部分。信息工作内容包括:信息与信息工作概述;信息收集;信息整理与存储等。档案管理内容包括:档案与档案工作概述;档案收集与鉴定;档案整理与保管等。
606 0  @a信息工作@j教材
606 0  @a档案管理@j教材
606 0  @a档案管理
606 0  @a信息工作
690    @aG203@v4
701  0 @a缪惠@9miao hui@4主编
801  0 @aCN@bNLC@c20061113
905    @a10447@dG203@e187
    
    信息工作与档案管理/缪惠主编.-合肥:合肥工业大学出版社,2005
    240页;23cm
    现代文秘精品系列教材
    
    ISBN 7-81093-248-9:CNY20.00
    本书分信息工作和档案管理两部分。信息工作内容包括:信息与信息工作概述;信息收集;信息整理与存储等。档案管理内容包括:档案与档案工作概述;档案收集与鉴定;档案整理与保管等。
●
相关链接 在E读中查询图书 在五车中查询图书 在当当中查询图书 在豆瓣中查询图书


正题名:信息工作与档案管理     索取号:G203/187         预约/预借

序号 登录号 条形码 馆藏地/架位号 状态 备注
1 0384266   203842663   第一样本阅览室/ [索取号:G203/187] 在馆    
2 0384267   203842672   第四借阅区/ [索取号:G203/187] 在馆    
3 0384268   203842681   第四借阅区/ [索取号:G203/187] 在馆    
4 0384269   203842690   第四借阅区/ [索取号:G203/187] 在馆    
5 0384270   203842707   第四借阅区/ [索取号:G203/187] 在馆    
唐山师范学院图书馆 欢迎您!
大连网信软件有限公司© 版权所有